000 00911nam a22002777a 4500
001 6501
003 FISKH
005 20250805080554.0
008 250507b cb ||||| |||| 00| 0 eng d
020 _a9780545591416
040 _aFISKH
_beng
_cFISKH
_dFISKH
050 _aBF311 .B455
082 _a511
100 _aBerger, Samantha
245 _aPatterns /
_cSamantha Berger ; Daniel Moreton
250 _aThis eidition published in 2013
260 _aNew York :
_bScholastic,
_c1999
300 _a16 unnnumbered pages :
_bcolor illustrations ;
_c18 x 21 cm
505 _aaa
520 _aSimple text and photographs present patterns in animals, nature, and all around us, including those found in piano keys, a snakeskin, and a field being harvested.
521 8 _a70
_bLexile
521 8 _aaa
_bRaz-Plus
650 _a Patterns
_vMeasurement
942 _2ddc
_cBK
_n0
999 _c6501
_d6501